Štítniku vládne "železná" lady vraj sídlia v doline, kde sa krasová platňa nasúva na rudohorskú každý rok o 3 cm...

Podrobná bibliografia
Hlavný autor: Hefler, Belo (Autor)
Médium: Článok
Jazyk:slovenčina
Fyzický popis:Fotogr.
Predmet:

MARC

LEADER 00000nab a2200000 ar4500
001 vtls008409267
003 SK-MaSNL
005 20260305040629.0
008 051111c20051103xo wr|p|||||||000 b|slo
038 |a RVGKPD 
040 |a RVGKPD  |b slo  |c RVGKPD  |e AACR2 
041 0 |a slo 
044 |a xo  |c SK 
080 |a 908  |x (437.677)  |2 UDC-MRF-SK2 
100 1 |a Hefler, Belo  |4 aut  |9 866957 
245 1 0 |a Štítniku vládne "železná" lady  |b vraj sídlia v doline, kde sa krasová platňa nasúva na rudohorskú každý rok o 3 cm...  |c Belo Hefler 
300 |b Fotogr. 
650 0 7 |a samospráva  |2 rvgkpd  |9 4165 
651 7 |a Štítnik (Slovensko)  |2 rvgkpd  |9 18458 
651 7 |a Rožňava (Slovensko : okres)  |2 rvgkpd  |9 19215 
773 0 |t GEMERinfo  |g Roč. I, č. 9 (3.11.2005), s. 9 
852 |a RVGKPD  |b KIS3G 
992 |a RBX 
999 |c 3339540  |d 3341470